[Event "Open Hradec Králové 2017"]
[Site "Hradec Králové"]
[Date "2017.10.04"]
[Round "5"]
[White "Wolf, Andreas"]
[Black "Roessel, Louis"]
[Result "1/2-1/2"]
[WhiteElo "2006"]
[BlackElo "1831"]
[PlyCount "40"]
[EventDate "2017.10.01"]

1. e4 e5 2. Nf3 Nc6 3. Bc4 Be7 4. d3 Nf6 5. c3 O-O 6. Bb3 d6 7. Nbd2 Na5 8. Bc2
c5 9. Nf1 Nc6 10. Ne3 Re8 11. h3 h6 12. O-O Be6 13. Ba4 Qc7 14. c4 Bd7 15. Nd5
Nxd5 16. cxd5 Nd4 17. Nxd4 cxd4 18. Bd2 b5 19. Bb3 a5 20. Rc1 Qb6 1/2-1/2

[Event "Open Hradec Králové 2017"]
[Site "Hradec Králové"]
[Date "2017.10.04"]
[Round "5"]
[White "Gronde, Benedikt"]
[Black "Gloser, David"]
[Result "0-1"]
[WhiteElo "1820"]
[BlackElo "1941"]
[PlyCount "38"]
[EventDate "2017.10.01"]

1. e4 c6 2. d4 d5 3. exd5 cxd5 4. c4 Nf6 5. Nc3 Nc6 6. Nf3 Bg4 7. cxd5 Nxd5 8.
Be2 e6 9. O-O Be7 10. Ne4 O-O 11. h3 Bxf3 12. Bxf3 Qb6 13. Be2 Qxd4 14. Qc2
Ncb4 15. Qb1 Rac8 16. Rd1 Qe5 17. Bd3 Rfd8 18. Nc3 Nxd3 19. Rxd3 Qe1+ 0-1

[Event "Open Hradec Králové 2017"]
[Site "Hradec Králové"]
[Date "2017.10.04"]
[Round "5"]
[White "Kuru, Martin"]
[Black "Veselsky, Jan"]
[Result "0-1"]
[WhiteElo "1927"]
[BlackElo "1678"]
[PlyCount "52"]
[EventDate "2017.10.01"]

1. d4 Nc6 2. Nf3 d5 3. Bf4 Nf6 4. e3 Bg4 5. Bd3 e6 6. c3 Bd6 7. Nbd2 Bxf4 8.
exf4 Ne7 9. h3 Bf5 10. Qe2 c6 11. Ne5 Qb6 12. Rb1 O-O 13. O-O Rac8 14. Bxf5
exf5 15. Rfe1 Rfe8 16. b4 Ne4 17. Qd3 f6 18. Nd7 Qc7 19. Nc5 b6 20. Ncxe4 fxe4
21. Qe3 Nf5 22. Qe2 Qxf4 23. Nf1 Qg5 24. Qa6 Nh4 25. Ne3 Nf3+ 26. Kh1 Nxe1 0-1

[Event "Open Hradec Králové 2017"]
[Site "Hradec Králové"]
[Date "2017.10.04"]
[Round "5"]
[White "Majerik, Vladimir"]
[Black "Berger, Volkmar"]
[Result "1/2-1/2"]
[WhiteElo "1826"]
[BlackElo "1669"]
[PlyCount "42"]
[EventDate "2017.10.01"]

1. d4 Nf6 2. Nf3 g6 3. Bg5 Bg7 4. Nbd2 d5 5. e3 Nbd7 6. Bd3 c5 7. c3 c4 8. Bc2
b5 9. O-O a5 10. e4 dxe4 11. Nxe4 Bb7 12. Re1 O-O 13. Qe2 Qc7 14. Bh4 Qc6 15.
Nxf6+ exf6 16. Be4 Qb6 17. Bxb7 Qxb7 18. Qd2 Nb6 19. Re2 Nd5 20. Bg3 Qd7 21.
Qc2 Bh6 1/2-1/2

[Event "Open Hradec Králové 2017"]
[Site "Hradec Králové"]
[Date "2017.10.04"]
[Round "5"]
[White "Svoboda, Frantisek"]
[Black "Levinsky, Ladislav"]
[Result "1-0"]
[WhiteElo "1725"]
[BlackElo "1559"]
[PlyCount "61"]
[EventDate "2017.10.01"]

1. Nf3 Nf6 2. g3 g6 3. b3 Bg7 4. Bb2 O-O 5. Bg2 Nc6 6. c4 d6 7. O-O Bd7 8. d3
Qc8 9. Re1 e5 10. Nbd2 a5 11. a3 h6 12. Qc2 Re8 13. e4 Nh7 14. c5 Bf8 15. cxd6
Bxd6 16. Nc4 b5 17. Ne3 f6 18. Rac1 Ne7 19. d4 c6 20. dxe5 fxe5 21. Nxe5 Bxe5
22. Bxe5 Ng5 23. Qb2 Nf7 24. Bf6 Be6 25. e5 Ra6 26. Rc5 Nf5 27. Nxf5 Bxf5 28.
Qc3 Bd7 29. Be4 Kh7 30. Rc1 Qb8 31. Qd3 1-0

[Event "Open Hradec Králové 2017"]
[Site "Hradec Králové"]
[Date "2017.10.04"]
[Round "5"]
[White "Burdilak, Milan"]
[Black "Izadian, Bizhan"]
[Result "1/2-1/2"]
[WhiteElo "1708"]
[BlackElo "1503"]
[PlyCount "56"]
[EventDate "2017.10.01"]

1. d4 Nf6 2. Nf3 g6 3. c4 Bg7 4. Nc3 O-O 5. g3 d6 6. Bg2 Nbd7 7. e4 c5 8. d5
Nb6 9. Qb3 a5 10. a4 Ra6 11. O-O Nbd7 12. Re1 Rb6 13. Nb5 Ne8 14. Bd2 Ra6 15.
Re2 Ne5 16. Nxe5 Bxe5 17. f4 Bg7 18. e5 Bg4 19. Bf3 Bxf3 20. Qxf3 Qc8 21. Bc3
h5 22. Rae1 dxe5 23. Bxe5 Bxe5 24. Rxe5 e6 25. dxe6 Rxe6 26. Rxe6 fxe6 27. Qe4
Rf6 28. Qe5 Qc6 1/2-1/2

[Event "Open Hradec Králové 2017"]
[Site "Hradec Králové"]
[Date "2017.10.04"]
[Round "5"]
[White "Smietanska, Wiktoria"]
[Black "Zdechovsky, Tobias"]
[Result "1-0"]
[WhiteElo "1422"]
[BlackElo "1590"]
[PlyCount "55"]
[EventDate "2017.10.01"]

1. e4 c5 2. Nf3 Nc6 3. d4 cxd4 4. Nxd4 Nf6 5. Nc3 e5 6. Ndb5 d6 7. Bg5 a6 8.
Na3 b5 9. Nd5 Be7 10. Bxf6 Bxf6 11. Be2 Nd4 12. c3 Ne6 13. O-O Nc5 14. f3 Bb7
15. Nc2 Rc8 16. Nce3 O-O 17. Qd2 Bg5 18. Qc2 g6 19. Rad1 Na4 20. Ng4 Bxd5 21.
Rxd5 f5 22. exf5 gxf5 23. Nf2 Qb6 24. Kh1 b4 25. Qxa4 bxc3 26. bxc3 Rxc3 27.
Qxa6 Qb2 28. Bc4 1-0

[Event "Open Hradec Králové 2017"]
[Site "Hradec Králové"]
[Date "2017.10.04"]
[Round "5"]
[White "Macha, Martin"]
[Black "Sulot, Zdzislaw"]
[Result "1-0"]
[WhiteElo "1444"]
[BlackElo "1424"]
[PlyCount "31"]
[EventDate "2017.10.01"]

1. d4 d5 2. e3 a6 3. c4 Bf5 4. Nf3 e6 5. Bd3 Bg4 6. O-O Qf6 7. Nbd2 Bxf3 8.
Nxf3 Ne7 9. e4 dxc4 10. e5 Qxf3 11. Qxf3 Nbc6 12. Bxc4 Nxd4 13. Qxb7 Rc8 14.
Bg5 Ndc6 15. Bxa6 h6 16. Bxe7 1-0

[Event "Open Hradec Králové 2017"]
[Site "Hradec Králové"]
[Date "2017.10.05"]
[Round "6"]
[White "Swicarz, Maciej"]
[Black "Jirasek, Pavel"]
[Result "1/2-1/2"]
[WhiteElo "2363"]
[BlackElo "2292"]
[PlyCount "178"]
[EventDate "2017.10.01"]

1. d4 Nf6 2. c4 e6 3. Nf3 b6 4. g3 Bb7 5. Bg2 Bb4+ 6. Nbd2 Ne4 7. O-O Nxd2 8.
Bxd2 Bxd2 9. Qxd2 d6 10. d5 e5 11. Ne1 Nd7 12. f4 Qe7 13. f5 f6 14. Be4 a5 15.
b3 Nc5 16. Qc2 Qd7 17. Ng2 Ke7 18. Ne3 b5 19. Bd3 b4 20. Qd2 Ra6 21. Bc2 Rb6
22. a4 Ba8 23. Kf2 Rbb8 24. Ke1 Rbd8 25. Kd1 c6 26. Kc1 cxd5 27. Nxd5+ Bxd5 28.
Qxd5 Qb7 29. Qxb7+ Nxb7 30. Kb2 Nc5 31. Rad1 Rdg8 32. Rf2 Kd7 33. e3 Kc6 34.
Rd5 Rd8 35. Rg2 Rhg8 36. g4 h6 37. Bd1 e4 38. Bc2 Rge8 39. Rgd2 Rd7 40. Bb1 Re5
41. R2d4 Rxd5 42. Rxd5 Re7 43. Bc2 Re8 44. Kc1 Kc7 45. Bd1 Re5 46. Rxe5 Nd3+
47. Kd2 Nxe5 48. h3 d5 49. cxd5 Kd6 50. Ke2 Kxd5 51. Kf2 Nd3+ 52. Ke2 Ke5 53.
Kf1 h5 54. Ke2 h4 55. Kf1 Nc5 56. Ke2 Nd7 57. Kf1 Nc5 58. Ke2 Kd5 59. Kd2 Nd7
60. Ke2 Nc5 61. Kf2 Nd3+ 62. Ke2 Ke5 63. Kf1 Nc1 64. Ke1 Na2 65. Kd2 Nc3 66.
Ke1 Kd6 67. Kd2 Ke7 68. Bc2 Kf8 69. Ke1 Kg8 70. Kf1 Kh7 71. Ke1 Kh6 72. Kf1 Kg5
73. Ke1 Nd5 74. Kf2 Nc3 75. Ke1 Kh6 76. Kf1 Kh7 77. Ke1 Kg8 78. Kf1 Kf8 79. Ke1
Ke7 80. Bd1 Kd6 81. Kd2 Ke5 82. Ke1 Nd5 83. Kf2 Ne7 84. Ke1 Nxf5 85. gxf5 Kxf5
86. Bg4+ Ke5 87. Bc8 f5 88. Kf1 g5 89. Kg2 Kf6 1/2-1/2

[Event "Open Hradec Králové 2017"]
[Site "Hradec Králové"]
[Date "2017.10.05"]
[Round "6"]
[White "Geller, Jakov"]
[Black "Bartos, Jan"]
[Result "1-0"]
[WhiteElo "2526"]
[BlackElo "2227"]
[PlyCount "79"]
[EventDate "2017.10.01"]

1. e4 e5 2. Nf3 Nc6 3. Bb5 Nge7 4. Nc3 g6 5. h4 h6 6. d4 exd4 7. Nxd4 Bg7 8.
Be3 O-O 9. Qd2 f5 10. Bc4+ Kh7 11. Nf3 Qe8 12. Ng5+ Kh8 13. h5 Ne5 14. Bb3 gxh5
15. Nf3 Ng4 16. Bd4 fxe4 17. Nh4 c6 18. Bxg7+ Kxg7 19. Qd4+ Kh7 20. O-O-O Nxf2
21. Nxe4 Nxh1 22. Nd6 Qd8 23. Qe4+ Kg7 24. Qe5+ Kh7 25. Rxh1 b6 26. Qe4+ Kg7
27. Qd4+ Kh7 28. Qd3+ Kh8 29. Re1 Nd5 30. Ng6+ Kg7 31. Nxf8 Qxf8 32. Qg3+ Kh7
33. Bxd5 cxd5 34. Qd3+ Kg7 35. Ne8+ Kh8 36. Qd4+ Kh7 37. Nf6+ Kg6 38. Qd3+ Kxf6
39. Rf1+ Kg7 40. Qg3+ 1-0

[Event "Open Hradec Králové 2017"]
[Site "Hradec Králové"]
[Date "2017.10.05"]
[Round "6"]
[White "Plischki, Sebastian"]
[Black "Eryshkanova, Anastasia"]
[Result "1-0"]
[WhiteElo "2397"]
[BlackElo "2127"]
[PlyCount "107"]
[EventDate "2017.10.01"]

1. d4 {[%emt 0:00:00]} e6 2. Nf3 c5 3. c4 a6 4. d5 exd5 5. cxd5 d6 6. a4 g6 7.
Nc3 Bg7 8. h3 Ne7 9. Bf4 h6 10. e3 O-O 11. Be2 Re8 12. O-O g5 13. Bh2 Ng6 14.
a5 Qe7 15. Re1 Nd7 16. Qb3 f5 17. Na4 Qf6 18. Bf1 Re4 19. Qc2 Rb4 20. Ra2 b5
21. axb6 Bb7 22. Bc4 Re8 23. b3 Nxb6 24. Nxb6 Rxb6 25. Qd3 g4 26. hxg4 fxg4 27.
Nd2 Ne5 28. Qc2 Qg6 29. Bg3 Nf7 30. Nf1 h5 31. Bh4 Ne5 32. Ng3 Qf7 33. e4 Nxc4
34. bxc4 Bc8 35. Qd2 Qg6 36. Qg5 Qxg5 37. Bxg5 Rb4 38. Rc2 a5 39. Nxh5 a4 40.
Nxg7 Kxg7 41. Bf4 Ba6 42. Bxd6 Rxc4 43. Rxc4 Bxc4 44. Re3 Rc8 45. Rc3 Ba2 46.
Rxc5 Rxc5 47. Bxc5 Kf7 48. Kh2 Bb1 49. f3 gxf3 50. gxf3 Bd3 51. Kg3 Bc2 52. Kf4
Bd1 53. Ke3 Bb3 54. f4 1-0

[Event "Open Hradec Králové 2017"]
[Site "Hradec Králové"]
[Date "2017.10.05"]
[Round "6"]
[White "Grela, Kacper"]
[Black "Leutwyler, Mathias"]
[Result "1-0"]
[WhiteElo "2274"]
[BlackElo "2109"]
[PlyCount "41"]
[EventDate "2017.10.01"]

1. d4 d5 2. c4 dxc4 3. e3 e5 4. Bxc4 exd4 5. exd4 Bd6 6. Nf3 Nf6 7. O-O O-O 8.
Bg5 h6 9. Bh4 Nc6 10. Qd3 Na5 11. Bb5 Be6 12. Nbd2 Be7 13. a3 Nd5 14. Bg3 a6
15. Ba4 b5 16. Bc2 g6 17. Qe2 Nc4 18. Nxc4 bxc4 19. Bxg6 Bg4 20. Be4 Rb8 21.
Bxd5 1-0

[Event "Open Hradec Králové 2017"]
[Site "Hradec Králové"]
[Date "2017.10.05"]
[Round "6"]
[White "Gurack, Daniel"]
[Black "Piankov, Evgenij"]
[Result "1/2-1/2"]
[WhiteElo "2075"]
[BlackElo "2254"]
[PlyCount "118"]
[EventDate "2017.10.01"]

1. e4 c6 2. d4 d5 3. exd5 cxd5 4. Bd3 Nc6 5. c3 g6 6. Bf4 Bg7 7. Nf3 Nf6 8. Qc2
O-O 9. O-O a6 10. a4 Bg4 11. Ne5 Nxe5 12. Bxe5 Qd7 13. Nd2 a5 14. Rfe1 Rfc8 15.
Nf1 Bf5 16. Bxf5 Qxf5 17. Qxf5 gxf5 18. Ra3 Rc6 19. Rb3 b6 20. Bxf6 Bxf6 21. f4
e6 22. Nd2 Kf8 23. Rb5 Rd8 24. g3 Ke7 25. Kg2 Kd7 26. Kf3 Kc7 27. h4 Rg8 28.
Re2 Bd8 29. Re1 Kd7 30. Re2 Rc8 31. Re1 Kc6 32. Re2 Bc7 33. Kf2 Rg7 34. Re3 Re8
35. Nf3 h5 36. Ne5+ Bxe5 37. Rxe5 Kc7 38. Re3 Rc8 39. Ke2 Kb7 40. b3 Rcg8 41.
Kf2 Kc6 42. Rd3 Re8 43. Re3 Re7 44. Rd3 Rg8 45. Rf3 Rc8 46. Re3 Rec7 47. Ke2
Rg8 48. Rd3 Re7 49. Kf2 Rge8 50. Rf3 f6 51. Rd3 Rd8 52. Rf3 Rd6 53. Kg2 Kb7 54.
Kf2 Rc6 55. Ke2 Rd6 56. Kd2 Kc8 57. Re3 Kc7 58. Rf3 Rd8 59. Rd3 Kc6 1/2-1/2

[Event "Open Hradec Králové 2017"]
[Site "Hradec Králové"]
[Date "2017.10.05"]
[Round "6"]
[White "Gloser, David"]
[Black "Stein, Robert"]
[Result "0-1"]
[WhiteElo "1941"]
[BlackElo "2253"]
[PlyCount "92"]
[EventDate "2017.10.01"]

1. e4 c6 2. d4 d5 3. e5 Bf5 4. h4 h5 5. c4 e6 6. Nc3 dxc4 7. Bxc4 Nd7 8. Bg5
Qb6 9. Bb3 Ne7 10. Nge2 O-O-O 11. Qc1 Kb8 12. O-O f6 13. exf6 gxf6 14. Bf4+ Ka8
15. Qe3 Ng6 16. Qg3 Nxf4 17. Nxf4 Bd6 18. Qe3 Bxf4 19. Qxf4 Nf8 20. Rad1 Ng6
21. Qg3 Rhg8 22. Na4 Qb5 23. Nc5 Ne7 24. Qe3 Nd5 25. Bxd5 exd5 26. Qf4 Bh3 27.
g3 Bxf1 28. Rxf1 Rde8 29. Qxf6 Qxb2 30. Ne6 Rc8 31. Qe5 Qb6 32. Qxh5 Rce8 33.
Qf7 Rc8 34. h5 Rh8 35. Kg2 a6 36. Rh1 Rh6 37. g4 c5 38. Nxc5 Rhh8 39. g5 Qb2
40. Ne6 Qe2 41. Rh4 Rc1 42. Nf4 Qf1+ 43. Kf3 Qd1+ 44. Kg3 Rc3+ 45. Kh2 Qf3 46.
Rh3 Qxf2+ 0-1

[Event "Open Hradec Králové 2017"]
[Site "Hradec Králové"]
[Date "2017.10.05"]
[Round "6"]
[White "Sernecki, Franciszek"]
[Black "Stolyarsky, Yegor"]
[Result "1-0"]
[WhiteElo "2109"]
[BlackElo "1856"]
[PlyCount "57"]
[EventDate "2017.10.01"]

1. e4 e5 2. Nf3 Nc6 3. c4 Nf6 4. Nc3 Bc5 5. Nxe5 Nxe5 6. d4 Bxd4 7. Qxd4 d6 8.
Bg5 h6 9. Bh4 Nc6 10. Qd1 g5 11. Bg3 Qe7 12. Bd3 Ne5 13. O-O Nxd3 14. Qxd3 Bd7
15. Qd4 O-O 16. f4 c5 17. Qd3 Bc6 18. fxg5 hxg5 19. Bxd6 Qd8 20. Rad1 Re8 21.
Qf3 Re6 22. Be5 Qxd1 23. Rxd1 Nxe4 24. Nxe4 Rxe5 25. Nf6+ Kg7 26. Nh5+ Kf8 27.
Qf6 Ree8 28. Qh6+ Ke7 29. Qd6# 1-0

[Event "Open Hradec Králové 2017"]
[Site "Hradec Králové"]
[Date "2017.10.05"]
[Round "6"]
[White "Zochowski, Janusz"]
[Black "Riha, Vojtech"]
[Result "1-0"]
[WhiteElo "1926"]
[BlackElo "2108"]
[PlyCount "127"]
[EventDate "2017.10.01"]

1. d4 {[%emt 0:00:00]} Nf6 2. c4 e6 3. Nc3 c5 4. d5 exd5 5. cxd5 d6 6. e4 g6 7.
Nf3 Bg7 8. Be2 O-O 9. O-O a6 10. a4 Bg4 11. Nd2 Bxe2 12. Qxe2 Nbd7 13. Re1 Re8
14. Qf1 Rb8 15. a5 Ne5 16. f4 Neg4 17. Nf3 Nh5 18. h3 Ng3 19. Qd3 c4 20. Qc2
Nf6 21. Kh2 Nfh5 22. Be3 Qf6 23. e5 dxe5 24. fxe5 Rxe5 25. Nxe5 Qxe5 26. Bf2
Ne2+ 27. g3 Nhxg3 28. Kg2 Qg5 29. Nxe2 Nxe2+ 30. Kf1 Nf4 31. Be3 Re8 32. Qf2
Re4 33. Qf3 Qxd5 34. Rad1 Nd3 35. Re2 Qc6 36. Kg2 Ne5 37. Rd8+ Bf8 38. Rxf8+
Kxf8 39. Bh6+ Kg8 40. Qxe4 f5 41. Qxc6 Nxc6 42. Bd2 Kf7 43. Bc3 g5 44. Kf3 h6
45. Kg3 Ne7 46. Re5 h5 47. Rc5 Kg6 48. Rc7 f4+ 49. Kf3 Nf5 50. Rxb7 Nh4+ 51.
Ke4 f3 52. Be1 Ng2 53. Rb6+ Kf7 54. Bf2 Nf4 55. h4 Nd3 56. Kxf3 gxh4 57. Bxh4
Ke8 58. Bf6 Kd7 59. Bd4 h4 60. Rxa6 h3 61. Kg3 Nb4 62. Rh6 Nc6 63. Bc3 Ne7 64.
Kxh3 1-0

[Event "Open Hradec Králové 2017"]
[Site "Hradec Králové"]
[Date "2017.10.05"]
[Round "6"]
[White "Mathisen, Runar"]
[Black "Dzubasz, Tino"]
[Result "0-1"]
[WhiteElo "1870"]
[BlackElo "2076"]
[PlyCount "94"]
[EventDate "2017.10.01"]

1. Nc3 d5 2. d4 Nf6 3. Bg5 Nbd7 4. Qd3 g6 5. f3 h6 6. Bh4 Bg7 7. e4 Nb6 8. Qe3
dxe4 9. O-O-O Nbd5 10. Nxd5 Qxd5 11. Kb1 Be6 12. c4 Qh5 13. Bg3 exf3 14. Nxf3
Qa5 15. Bd3 O-O 16. Ne5 Ng4 17. Qe2 Nxe5 18. Bxe5 Bxe5 19. Qxe5 Qxe5 20. dxe5
Rad8 21. Be4 c6 22. b3 Bg4 23. Bf3 Bxf3 24. gxf3 g5 25. Kc2 Kg7 26. h4 f6 27.
exf6+ exf6 28. Rde1 Rfe8 29. Rxe8 Rxe8 30. Kd3 Kg6 31. hxg5 hxg5 32. b4 Re7 33.
a4 Kf5 34. Rh6 b6 35. Kd4 a6 36. b5 Rd7+ 37. Kc3 cxb5 38. cxb5 axb5 39. axb5
Rd6 40. Rh8 Kf4 41. Rc8 f5 42. Kc4 Kxf3 43. Rc6 Rd8 44. Rxb6 g4 45. Rf6 f4 46.
b6 g3 47. b7 g2 0-1

[Event "Open Hradec Králové 2017"]
[Site "Hradec Králové"]
[Date "2017.10.05"]
[Round "6"]
[White "Freeland, Alex"]
[Black "Roessel, Louis"]
[Result "0-1"]
[WhiteElo "2034"]
[BlackElo "1831"]
[PlyCount "40"]
[EventDate "2017.10.01"]

1. c4 e5 2. Nc3 Nc6 3. Nf3 Bc5 4. g3 d6 5. Bg2 Nf6 6. d3 h6 7. O-O O-O 8. Na4
Bb6 9. Bd2 Re8 10. b4 e4 11. Ne1 Qe7 12. Nxb6 axb6 13. Bc3 exd3 14. e3 Ne5 15.
Bxe5 dxe5 16. Nxd3 e4 17. Nf4 Qxb4 18. Qb3 Qc5 19. Rfd1 Bd7 20. Nd5 Ba4 0-1

[Event "Open Hradec Králové 2017"]
[Site "Hradec Králové"]
[Date "2017.10.05"]
[Round "6"]
[White "Belus, Benjamin"]
[Black "Michel, Ladislav"]
[Result "1-0"]
[WhiteElo "1941"]
[BlackElo "1803"]
[PlyCount "21"]
[EventDate "2017.10.01"]

1. e4 {[%emt 0:00:00]} c5 2. Nc3 e5 3. Bc4 d6 4. f4 Nf6 5. Nf3 Nc6 6. Ng5 d5 7.
exd5 Na5 8. Bb5+ Bd7 9. fxe5 Nxd5 10. Qf3 f6 11. Ne6 1-0

[Event "Open Hradec Králové 2017"]
[Site "Hradec Králové"]
[Date "2017.10.05"]
[Round "6"]
[White "Berka, Lubos"]
[Black "Novak, Ludek"]
[Result "1-0"]
[WhiteElo "1719"]
[BlackElo "1932"]
[PlyCount "75"]
[EventDate "2017.10.01"]

1. e4 {[%emt 0:00:00]} c5 2. Nc3 Nc6 3. g3 g6 4. Bg2 Bg7 5. d3 d6 6. Nge2 e6 7.
O-O Nge7 8. Be3 O-O 9. Qd2 Rb8 10. Rab1 b5 11. Bh6 Nd4 12. Bxg7 Kxg7 13. Nxd4
cxd4 14. Ne2 e5 15. f4 f5 16. c3 Qb6 17. Kh1 Bb7 18. cxd4 exd4 19. Qb4 Nc6 20.
Qxd6 Rbd8 21. Qa3 b4 22. Qa4 Ba6 23. Rfd1 Rfe8 24. e5 Ne7 25. Rbc1 Bb7 26. Rc4
Bxg2+ 27. Kxg2 Nd5 28. Rc6 Qb7 29. Rdc1 Qa8 30. Kf2 Ne3 31. Qxb4 Rb8 32. Qxd4
Nd1+ 33. Ke1 Nxb2 34. e6+ Kh6 35. g4 Re7 36. g5+ Kh5 37. Qe3 Nxd3+ 38. Qxd3 1-0

[Event "Open Hradec Králové 2017"]
[Site "Hradec Králové"]
[Date "2017.10.05"]
[Round "6"]
[White "Slavik, Jan"]
[Black "Brhlik, Antonin"]
[Result "1-0"]
[WhiteElo "1928"]
[BlackElo "1733"]
[PlyCount "67"]
[EventDate "2017.10.01"]

1. e4 {[%emt 0:00:00]} c5 2. d4 cxd4 3. c3 d3 4. Bxd3 Nc6 5. Be3 d5 6. Qa4 dxe4
7. Bxe4 Bd7 8. Nd2 Nf6 9. O-O-O e6 10. Ngf3 Be7 11. h4 a6 12. Nd4 Na5 13. Qc2
Rc8 14. f3 b5 15. Kb1 Nc4 16. Nxc4 bxc4 17. Bb7 Nd5 18. Bf2 Rc7 19. Bxd5 exd5
20. Nf5 Bxf5 21. Qxf5 Rd7 22. h5 h6 23. Rhe1 O-O 24. Bb6 Qc8 25. Rxd5 Rxd5 26.
Qxd5 Bf6 27. Re4 Qb8 28. Bd4 Bxd4 29. Qxd4 Rd8 30. Qxc4 Rd1+ 31. Kc2 Rg1 32.
Rg4 Qe5 33. Qe4 f5 34. Qxe5 1-0

[Event "Open Hradec Králové 2017"]
[Site "Hradec Králové"]
[Date "2017.10.05"]
[Round "6"]
[White "Svec, Ludek"]
[Black "Kalveus, Jan"]
[Result "0-1"]
[WhiteElo "1698"]
[BlackElo "1867"]
[PlyCount "66"]
[EventDate "2017.10.01"]

1. d4 {[%emt 0:00:00]} Nf6 2. Nf3 e6 3. g3 b6 4. Bg2 Bb7 5. O-O d5 6. Ne5 Nfd7
7. c4 Nxe5 8. dxe5 c6 9. Nc3 Nd7 10. Bf4 g5 11. Bc1 Nxe5 12. cxd5 cxd5 13. Bxg5
Qxg5 14. e4 Nd7 15. exd5 e5 16. Ne4 Qd8 17. f4 Bc5+ 18. Nxc5 bxc5 19. fxe5 Nxe5
20. Qh5 Ng6 21. Rae1+ Kf8 22. Qh6+ Kg8 23. Rxf7 Kxf7 24. Rf1+ Kg8 25. h4 Bxd5
26. Bxd5+ Qxd5 27. h5 Qd4+ 28. Kh1 Qg7 29. Qe3 Qe7 30. Qb3+ Kg7 31. h6+ Kxh6
32. Rf7 Qe4+ 33. Kh2 Raf8 0-1

[Event "Open Hradec Králové 2017"]
[Site "Hradec Králové"]
[Date "2017.10.05"]
[Round "6"]
[White "Hassemeier, Mika"]
[Black "Krasa, Marek"]
[Result "1-0"]
[WhiteElo "1864"]
[BlackElo "1684"]
[PlyCount "47"]
[EventDate "2017.10.01"]

1. e4 c5 2. Nc3 e6 3. f4 Nc6 4. Nf3 a6 5. a4 d5 6. d3 d4 7. Nb1 Nf6 8. Be2 Bd7
9. O-O b5 10. axb5 axb5 11. Rxa8 Qxa8 12. Na3 Qb7 13. Qe1 Be7 14. Qg3 g6 15.
Ne5 O-O 16. Nxd7 Nxd7 17. f5 Qb8 18. Bf4 e5 19. Bh6 Re8 20. fxg6 hxg6 21. Bh5
Nf8 22. Bxf8 Bxf8 23. Bxg6 fxg6 24. Qxg6+ 1-0

[Event "Open Hradec Králové 2017"]
[Site "Hradec Králové"]
[Date "2017.10.05"]
[Round "6"]
[White "Berger, Volkmar"]
[Black "Gronde, Benedikt"]
[Result "1-0"]
[WhiteElo "1669"]
[BlackElo "1820"]
[PlyCount "95"]
[EventDate "2017.10.01"]

1. d4 d5 2. c4 e6 3. Nc3 Nf6 4. Nf3 Nbd7 5. Bf4 c6 6. Qc2 Be7 7. e3 O-O 8. Bd3
dxc4 9. Bxc4 Nd5 10. Nxd5 exd5 11. Be2 Qa5+ 12. Nd2 Bb4 13. a3 Nf6 14. Qc1
Bxd2+ 15. Qxd2 Qxd2+ 16. Kxd2 Ne4+ 17. Ke1 Re8 18. h4 h6 19. f3 Nf6 20. Kf2 Nh5
21. Be5 f6 22. f4 fxe5 23. Bxh5 Rf8 24. dxe5 Bf5 25. Bf3 Rad8 26. Rad1 Bc2 27.
Rd2 Bb3 28. Bd1 Bc4 29. b3 Ba6 30. Be2 Bxe2 31. Kxe2 Rde8 32. g3 h5 33. e4 dxe4
34. Rhd1 Kf7 35. Ke3 Re7 36. Kxe4 g6 37. Rd8 Rxd8 38. Rxd8 Ke6 39. Rd6+ Kf7 40.
Rf6+ Kg7 41. f5 gxf5+ 42. Kxf5 c5 43. Rg6+ Kf7 44. e6+ Kf8 45. Rf6+ Kg7 46.
Rg6+ Kh7 47. Rg5 Rg7 48. Kf6 1-0

[Event "Open Hradec Králové 2017"]
[Site "Hradec Králové"]
[Date "2017.10.05"]
[Round "6"]
[White "Valik, Ondrej"]
[Black "Kuru, Martin"]
[Result "0-1"]
[WhiteElo "1532"]
[BlackElo "1927"]
[PlyCount "70"]
[EventDate "2017.10.01"]

1. c4 {[%emt 0:00:00]} c6 2. Nf3 d5 3. d4 Nf6 4. e3 e6 5. Nc3 Be7 6. Bd3 O-O 7.
O-O dxc4 8. Bxc4 b6 9. b3 Bb7 10. Bb2 Nbd7 11. Re1 c5 12. Qe2 a6 13. Rad1 Qc7
14. e4 cxd4 15. Nxd4 Ne5 16. Bd3 Nxd3 17. Qxd3 Rfd8 18. Qe2 b5 19. e5 Nd5 20.
Nxd5 Rxd5 21. Nf3 Rad8 22. Rxd5 Rxd5 23. Rd1 Qd7 24. Rxd5 Qxd5 25. h3 h6 26.
Ne1 Bb4 27. f3 Ba5 28. Nd3 b4 29. Qc2 Bb6+ 30. Kh2 a5 31. a3 bxa3 32. Bxa3 Ba6
33. Nc5 Qxe5+ 34. g3 Qe3 35. h4 Be2 0-1

[Event "Open Hradec Králové 2017"]
[Site "Hradec Králové"]
[Date "2017.10.05"]
[Round "6"]
[White "Aird, Ian"]
[Black "Ruzicka, Vaclav"]
[Result "1-0"]
[WhiteElo "1809"]
[BlackElo "1528"]
[PlyCount "77"]
[EventDate "2017.10.01"]

1. e4 c6 2. d3 d5 3. Nd2 dxe4 4. dxe4 e5 5. Ngf3 Bg4 6. Bc4 Bxf3 7. Qxf3 Qf6 8.
Qg3 Nd7 9. Nf3 h6 10. O-O g5 11. Bd2 Ne7 12. Rad1 Bg7 13. Bc3 Ng6 14. Rd2 Nb6
15. Bb3 O-O 16. Rfd1 Rad8 17. h3 Rxd2 18. Rxd2 Qe7 19. Nh2 Kh7 20. Ng4 f6 21.
Ne3 Nh4 22. Qg4 Rd8 23. Rxd8 Qxd8 24. g3 Ng6 25. Be6 Kh8 26. Kg2 Ne7 27. Bb4
Nbc8 28. Qh5 a5 29. Ba3 b5 30. Bc5 a4 31. Ng4 Kh7 32. Qf7 Kh8 33. Nxf6 Bxf6 34.
Qxf6+ Kh7 35. Bxc8 Qxc8 36. Bxe7 Qg8 37. Qf5+ Qg6 38. Bd6 Kg7 39. Bxe5+ 1-0

[Event "Open Hradec Králové 2017"]
[Site "Hradec Králové"]
[Date "2017.10.05"]
[Round "6"]
[White "Levinsky, Ladislav"]
[Black "Vacek, Jaroslav"]
[Result "0-1"]
[WhiteElo "1559"]
[BlackElo "1694"]
[PlyCount "64"]
[EventDate "2017.10.01"]

1. c4 Nf6 2. Nc3 e6 3. g3 Bb4 4. a3 Bxc3 5. dxc3 h6 6. Bg2 Nc6 7. Nf3 O-O 8.
O-O d6 9. Nd4 Bd7 10. Qc2 Qc8 11. Nxc6 Bxc6 12. Bxc6 bxc6 13. b4 Nd7 14. a4 a6
15. Bd2 Ne5 16. c5 d5 17. f4 Nc4 18. Rfe1 f5 19. Qd3 Qe8 20. Ra2 Qh5 21. Qf3
Qxf3 22. exf3 Rfe8 23. Bc1 Kf7 24. Kf2 e5 25. fxe5 Nxe5 26. Ree2 Nd3+ 27. Kf1
Rxe2 28. Rxe2 Nxc1 29. Rc2 Nd3 30. f4 Re8 31. Re2 Rxe2 32. Kxe2 Nb2 0-1

[Event "Open Hradec Králové 2017"]
[Site "Hradec Králové"]
[Date "2017.10.06"]
[Round "7"]
[White "Swicarz, Maciej"]
[Black "Geller, Jakov"]
[Result "0-1"]
[WhiteElo "2363"]
[BlackElo "2526"]
[PlyCount "88"]
[EventDate "2017.10.01"]

1. d4 d5 2. c4 e6 3. Nc3 c6 4. e4 dxe4 5. Nxe4 Bb4+ 6. Bd2 Qxd4 7. Bxb4 Qxe4+
8. Ne2 Nd7 9. Qd6 Qe5 10. Qxe5 Nxe5 11. Nc3 f6 12. Ne4 Nf7 13. f4 b6 14. O-O-O
c5 15. Bc3 Bb7 16. Bd3 O-O-O 17. Rhe1 Ngh6 18. Nf2 Rd6 19. Re3 Nd8 20. g4 Nhf7
21. h4 h6 22. Rg1 Nc6 23. Bg6 Nfd8 24. Ne4 Rd7 25. Ng3 Nd4 26. Rf1 N8c6 27. b3
Kc7 28. Nh5 a5 29. Kb2 a4 30. Be4 Re8 31. Rfe1 e5 32. Bd5 a3+ 33. Kb1 Nb4 34.
Bxb4 cxb4 35. Bxb7 Kxb7 36. fxe5 Rxe5 37. Rxe5 fxe5 38. Rxe5 Rf7 39. Ng3 Rf2
40. Re4 Rd2 41. Kc1 Rc2+ 42. Kd1 Rxa2 43. Rxd4 Rg2 44. Rd7+ Kc6 0-1

[Event "Open Hradec Králové 2017"]
[Site "Hradec Králové"]
[Date "2017.10.06"]
[Round "7"]
[White "Jirasek, Pavel"]
[Black "Plischki, Sebastian"]
[Result "1/2-1/2"]
[WhiteElo "2292"]
[BlackElo "2397"]
[PlyCount "49"]
[EventDate "2017.10.01"]

1. e4 e5 2. Nf3 Nc6 3. Bb5 a6 4. Ba4 Nf6 5. O-O Be7 6. Re1 b5 7. Bb3 d6 8. a4
Bd7 9. c3 O-O 10. d4 h6 11. Nbd2 Re8 12. Nf1 Bf8 13. Ng3 Na5 14. Bc2 c5 15. b3
Qc7 16. d5 bxa4 17. b4 Nb3 18. Bxb3 axb3 19. Qxb3 Reb8 20. Qa3 cxb4 21. cxb4
Qb7 22. Bd2 Rc8 23. Rec1 Rxc1+ 24. Rxc1 Rc8 25. h3 1/2-1/2